[Event "Social Open Knockout 2023/01"]
[Site "SchemingMind.com"]
[Date "2023.06.10"]
[Round "-"]
[White "William Lindberg"]
[Black "ienybr"]
[Result "1/2-1/2"]
[WhiteCountry "USA"]
[BlackCountry "USA"]
[WhiteElo "2345"]
[WhiteRD "66"]
[BlackElo "2260"]
[BlackRD "95"]
[GameID "734755"]

1. c4 e5 2. Nc3 Nf6 3. Nf3 Nc6 4. g3 d5 5. cxd5 Nxd5 6. Bg2 Bc5 7. O-O O-O 8. d3 h6 9. Nxd5 Qxd5 10. Bd2 Rd8
11. Bc3 Qe6 12. Nd2 a5 13. a3 Bf8 14. Qc2 Qe8 15. Rfc1 Bd7 16. Be4 Ra6 17. Nf3 a4 18. e3 b5 19. d4 exd4 20. exd4 Be6
21. Bh7+ Kh8 22. Bd3 Rb6 23. Re1 b4 24. axb4 Nxb4 25. Bxb4 Rxb4 26. Bf5 Rdb8 27. Rab1 Qb5 28. Bxe6 fxe6 29. Ne5 a3 30. Qg6 Rxb2
31. Rbc1 a2 32. Nf7+ Kg8 33. Nxh6+ Kh8 34. Rxc7 Qb4=
1/2-1/2

[Event "Social Open Knockout 2023/01"]
[Site "SchemingMind.com"]
[Date "2023.06.10"]
[Round "-"]
[White "ienybr"]
[Black "William Lindberg"]
[Result "1/2-1/2"]
[WhiteCountry "USA"]
[BlackCountry "USA"]
[WhiteElo "2260"]
[WhiteRD "95"]
[BlackElo "2345"]
[BlackRD "66"]
[GameID "734756"]

1. d4 Nf6 2. c4 e6 3. Nf3 d5 4. Nc3 c6 5. Bg5 Be7 6. e3 Nbd7 7. Bd3 O-O 8. cxd5 exd5 9. Qc2 h6 10. Bh4 Re8
11. O-O Ne4 12. Bxe4 Bxh4 13. Bh7+ Kh8 14. Nxh4 Qxh4 15. Bd3 Qe7 16. Rfe1 Nf6 17. Rad1 b6 18. h3 Qd6 19. a3 Bd7 20. Qd2 a5
21. f3 Re7 22. Qf2 Rae8 23. Bb1 Qc7 24. Re2 Kg8 25. e4 Nh5 26. Rc2 Nf4 27. Nxd5 Nxd5 28. exd5 Qd6 29. dxc6 Bxc6 30. Rdc1 Bb7
31. Rd2 Bd5 32. Bd3 Qf4 33. Bb5 Rd8 34. Rc3 Rd6 35. Rd1 g6 36. Qd2 Qh4 37. Bf1 Kg7 38. Bc4 Rde6 39. Kf1 Bxc4+ 40. Rxc4 Qg3
41. Rc2 Rd7 42. d5 Re5 43. Rc4 Rexd5 44. Qxd5 Rxd5 45. Rxd5 Qh2 46. Kf2 h5 47. Rd2 b5 48. Rc5 Qf4 49. Rd1 Qb8 50. Rcd5 Qc7
51. h4 Qc2+ 52. R1d2 Qc1 53. R5d4 b4 54. axb4=
1/2-1/2

[Event "Social Open Knockout 2023/01"]
[Site "SchemingMind.com"]
[Date "2023.06.10"]
[Round "-"]
[White "Raymond de Kemp"]
[Black "Chessibelle"]
[Result "1-0"]
[WhiteCountry "NED"]
[BlackCountry "ENG"]
[WhiteElo "1858"]
[WhiteRD "75"]
[BlackElo "1159"]
[BlackRD "60"]
[GameID "734757"]

1. e4 e5 2. f4 Bd6 3. Nf3 Nf6 4. fxe5 Bc5 5. exf6 Qxf6 6. d4 Bb4+ 7. c3 Ba5 8. Bc4 O-O 9. O-O h6 10. Ne5 Qe7
11. Ng6 Qe8 12. Nxf8 Kxf8 13. Qh5 f6 14. Qxa5 b6 15. Qa4 Qxe4 16. Qd1 Nc6 17. Qh5 d5 18. Be2 Bf5 19. Rxf5 Ne7 20. Rf4 Qc2
21. Na3 Qa4 22. Bb5 Qa5 23. b4
1-0

[Event "Social Open Knockout 2023/01"]
[Site "SchemingMind.com"]
[Date "2023.06.11"]
[Round "-"]
[White "Chessibelle"]
[Black "Raymond de Kemp"]
[Result "0-1"]
[WhiteCountry "ENG"]
[BlackCountry "NED"]
[WhiteElo "1159"]
[WhiteRD "60"]
[BlackElo "1858"]
[BlackRD "75"]
[GameID "734758"]

1. Nf3 d5 2. d4 c5 3. g3 Nc6 4. dxc5 e5 5. e3 Bxc5 6. Be2 e4 7. Nfd2 Bh3 8. b3 Qf6 9. c3 Nge7 10. Bb2 O-O
11. Qc2 Qh6 12. Nf1 Ne5 13. Nbd2 Bg2 14. Rg1 Nf3+ 15. Nxf3 exf3 16. Bd1 Nc6 17. h4 Ne5 18. b4 Be7 19. Qb3 Nd3+ 20. Kd2 Nxf2
21. Bc2 a5 22. b5 a4 23. Qxd5 Rfd8
0-1

[Event "Social Open Knockout 2023/01"]
[Site "SchemingMind.com"]
[Date "2023.06.10"]
[Round "-"]
[White "kenneth m day"]
[Black "greghghs"]
[Result "0-1"]
[WhiteCountry "USA"]
[BlackCountry "ENG"]
[WhiteElo "1670"]
[WhiteRD "62"]
[BlackElo "2303"]
[BlackRD "108"]
[GameID "734759"]

1. e4 c5 2. d4 cxd4 3. c3 dxc3 4. Nxc3 Nc6 5. Nf3 e6 6. Bc4 a6 7. Be3 d6 8. O-O Nf6 9. Re1 Be7 10. h3 b5
11. Bb3 O-O 12. Rc1 Bb7 13. Bc2 Rc8 14. Qd3 Nb4 15. Qd2 Nxc2 16. Rxc2 b4 17. Ne2 Nxe4 18. Qd3 Nc5 19. Qd4 Bxf3 20. gxf3 Qa5
21. b3 Nxb3 22. axb3 Rxc2 23. Qd3 Rfc8 24. Nd4 R2c3 25. Qd2 Qh5 26. Kh2 Bf6 27. Bf4 e5
0-1

[Event "Social Open Knockout 2023/01"]
[Site "SchemingMind.com"]
[Date "2023.06.10"]
[Round "-"]
[White "greghghs"]
[Black "kenneth m day"]
[Result "1-0"]
[WhiteCountry "ENG"]
[BlackCountry "USA"]
[WhiteElo "2303"]
[WhiteRD "108"]
[BlackElo "1670"]
[BlackRD "62"]
[GameID "734760"]

1. e4 e5 2. Nf3 d5 3. exd5 Bd6 4. Nc3 Nf6 5. d4 e4 6. Ne5 O-O 7. Bg5 Re8 8. Bb5 Nbd7 9. Bxf6 Qxf6 10. Bxd7 Re7
11. Bxc8 Rxc8 12. Ng4 Qg5 13. Qe2 Rce8 14. Ne3 f5 15. g3 a6 16. O-O-O Rf8 17. Kb1 f4 18. Nc4 fxg3 19. hxg3 b5 20. Ne5 Bxe5
21. Rh5 Qg6 22. Rxe5 Rxe5 23. dxe5 Re8 24. Qxe4 Qg5 25. e6 Re7 26. d6 cxd6 27. Qa8+
1-0

[Event "Social Open Knockout 2023/01"]
[Site "SchemingMind.com"]
[Date "2023.06.10"]
[Round "-"]
[White "Andrea Carra"]
[Black "ray winteringham"]
[Result "1-0"]
[WhiteCountry "ITA"]
[BlackCountry "ENG"]
[WhiteElo "1959"]
[WhiteRD "100"]
[BlackElo "1459"]
[BlackRD "50"]
[GameID "734761"]

1. e4 e5 2. Nf3 d6 3. d4 h6 4. dxe5 dxe5 5. Qxd8+ Kxd8 6. Nxe5 Be6 7. Nc3 Bd6 8. Nf3 Nd7 9. Be3 c5 10. O-O-O Ke7
11. Bb5 Ngf6 12. Bxd7 Nxd7 13. Nb5 Bb8 14. a3 a6 15. Nc3 Bc7 16. Nd2 Rhe8 17. f4 Kf8 18. f5 Bxf5 19. exf5 Rxe3 20. Nd5 Bf4
21. Nxf4
1-0

[Event "Social Open Knockout 2023/01"]
[Site "SchemingMind.com"]
[Date "2023.06.10"]
[Round "-"]
[White "ray winteringham"]
[Black "Andrea Carra"]
[Result "0-1"]
[WhiteCountry "ENG"]
[BlackCountry "ITA"]
[WhiteElo "1459"]
[WhiteRD "50"]
[BlackElo "1959"]
[BlackRD "100"]
[GameID "734762"]

1. g3 Nf6 2. d3 e6 3. Bg2 d5 4. Nf3 Bd6 5. O-O O-O 6. Bg5 Nbd7 7. Nc3 a6 8. a3 h6 9. Bxf6 Nxf6 10. e3 c5
11. Ne2 e5 12. Nd2 Be6 13. b3 Qd7 14. f4 Ng4 15. Rf3 f5 16. fxe5 Bxe5 17. h3 Bxa1 18. Qxa1 Nf6 19. Nf4 Bf7 20. c4 dxc4
21. Nxc4 Bxc4 22. dxc4 Rad8 23. Kh2 Qd2 24. Ng6 Rfe8 25. Qf1 Rxe3 26. Rxe3 Qxe3 27. Bxb7 Rd2+ 28. Bg2 Qe2 29. Qxe2 Rxe2 30. Kg1 Re3
31. Bd5+ Nxd5 32. cxd5 Rxg3+
0-1

[Event "Social Open Knockout 2023/01"]
[Site "SchemingMind.com"]
[Date "2023.06.13"]
[Round "-"]
[White "Clive Everill"]
[Black "Allan Sedstrem"]
[Result "1-0"]
[WhiteCountry "CZE"]
[BlackCountry "SCO"]
[WhiteElo "1654"]
[WhiteRD "59"]
[BlackElo "1435"]
[BlackRD "72"]
[GameID "734764"]

1. e4 e5 2. Nc3 Nf6 3. f4 d6 4. Nf3 Bg4 5. h3 Be6 6. fxe5 dxe5 7. Nxe5 Nbd7 8. Nxd7 Qxd7 9. d4 Bb4 10. Qd3 O-O
11. Bd2 c6 12. O-O-O a5 13. a3 Bxc3 14. Bxc3 Rfe8 15. g4 b5 16. Bg2 Bc4 17. Qe3 Nd5 18. Qf3 Nxc3 19. Qxc3 Rad8 20. b3 b4
21. axb4 axb4 22. Qxc4 Rb8 23. e5 Rb6 24. Rhf1 Re7 25. Be4 g6 26. Rf6 Kg7 27. Bxc6 Qc7 28. Rdf1 h6 29. h4 Kg8 30. Rxg6+ Kh7
31. Rgf6 Qa7 32. Rxf7+ Kh8 33. Rf8+ Kg7 34. Qg8#
1-0

[Event "Social Open Knockout 2023/01"]
[Site "SchemingMind.com"]
[Date "2023.06.11"]
[Round "-"]
[White "Helga1946"]
[Black "eliecercruzr"]
[Result "1-0"]
[WhiteCountry "GER"]
[BlackCountry "CUB"]
[WhiteElo "2424"]
[WhiteRD "69"]
[BlackElo "2304"]
[BlackRD "68"]
[GameID "734765"]

1. c4 c5 2. Nf3 Nf6 3. Nc3 Nc6 4. g3 e6 5. Bg2 Qb6 6. O-O Be7 7. e4 d6 8. d3 O-O 9. a3 Qc7 10. Rb1 a6
11. b4 Nd7 12. Bf4 b6 13. Be3 Bb7 14. h4 Bf6 15. Ne2 Rfd8 16. Qb3 h6 17. g4 Be7 18. g5 hxg5 19. hxg5 Nce5 20. Nh4 Ng4
21. Bf4 Rdb8 22. d4 cxd4 23. Nxd4 Nf8 24. Rbc1 Ne5 25. Be3 Neg6 26. Nxg6 Nxg6 27. Qd1 a5 28. b5 Bf8 29. Qh5 Ne7 30. f4 g6
31. Qh3 Qc8 32. f5 gxf5 33. g6 Nxg6 34. exf5 exf5 35. Nxf5 Bxg2 36. Kxg2 Bg7 37. Rf3 Be5 38. Nh6+ Kf8 39. Rxf7+ Ke8 40. Qh5
1-0

[Event "Social Open Knockout 2023/01"]
[Site "SchemingMind.com"]
[Date "2023.06.11"]
[Round "-"]
[White "eliecercruzr"]
[Black "Helga1946"]
[Result "0-1"]
[WhiteCountry "CUB"]
[BlackCountry "GER"]
[WhiteElo "2304"]
[WhiteRD "68"]
[BlackElo "2424"]
[BlackRD "69"]
[GameID "734766"]

1. e4 e5 2. Nf3 Nc6 3. Bb5 a6 4. Ba4 b5 5. Bb3 Nf6 6. O-O Bb7 7. d3 Bc5 8. a4 O-O 9. Nc3 Na5 10. axb5 Nxb3
11. cxb3 axb5 12. Rxa8 Bxa8 13. Nxe5 b4 14. Na4 Be7 15. Qc2 Re8 16. f3 h6 17. Bf4 c5 18. Nc4 d5 19. Ncb6 Bc6 20. Be3 Bb5
21. Rc1 Bd6 22. Qd2 Bc6 23. Rd1 Qc7 24. g3 h5 25. Rc1 h4 26. gxh4 c4 27. Qf2 cxd3 28. Nxd5 Nxd5
0-1

[Event "Social Open Knockout 2023/01"]
[Site "SchemingMind.com"]
[Date "2023.06.10"]
[Round "-"]
[White "Robert Hatfield"]
[Black "Kid A"]
[Result "0-1"]
[WhiteCountry "USA"]
[BlackCountry "FIN"]
[WhiteElo "1777"]
[WhiteRD "67"]
[BlackElo "1926"]
[BlackRD "85"]
[GameID "734767"]

1. c4 Nf6 2. Nc3 e5 3. Nf3 Nc6 4. e3 d5 5. cxd5 Nxd5 6. Bb5 Nxc3 7. bxc3 Qd6 8. a4 Bg4 9. Be2 e4 10. Nd4 Bxe2
11. Qxe2 Ne5 12. Ba3 Qg6 13. Qb5+ Nd7 14. O-O c5 15. Qxb7 Rb8 16. Qxa7 cxd4 17. exd4 Bxa3 18. Rxa3 Qb6 19. Qxb6 Rxb6 20. Re1 O-O
21. Kf1 f5 22. a5 Ra6 23. Rb1 Rb8 24. Rxb8+ Nxb8 25. Rb3 Ra8 26. Rb5 g6 27. Ke2 Nc6 28. Ke3 Nxa5 29. d3 exd3 30. Kxd3 Nc6
31. Rb6 Ne7 32. Rb2 Nd5 33. g3 Ra3 34. Rc2 Nb4+
0-1

[Event "Social Open Knockout 2023/01"]
[Site "SchemingMind.com"]
[Date "2023.06.10"]
[Round "-"]
[White "Kid A"]
[Black "Robert Hatfield"]
[Result "1-0"]
[WhiteCountry "FIN"]
[BlackCountry "USA"]
[WhiteElo "1973"]
[WhiteRD "85"]
[BlackElo "1782"]
[BlackRD "62"]
[GameID "734768"]

1. e4 e6 2. c4 c5 3. Nc3 Nc6 4. Nf3 d6 5. d4 cxd4 6. Nxd4 Nxd4 7. Qxd4 Nf6 8. Bg5 Be7 9. O-O-O e5 10. Qd2 a6
11. Bxf6 gxf6 12. Nd5 Be6 13. Qh6 f5 14. Qg7 Kd7 15. exf5 Bxd5 16. Rxd5 Qg8 17. Qxg8 Rhxg8 18. f3 Rac8 19. b4 Rg5 20. g4 b6
21. Be2 h5 22. h4 Rgg8 23. g5 Ke8 24. f4 exf4 25. Kb2 Rh8 26. Rf1
1-0

[Event "Social Open Knockout 2023/01"]
[Site "SchemingMind.com"]
[Date "2023.06.12"]
[Round "-"]
[White "TigerFeet"]
[Black "roscoe"]
[Result "1-0"]
[WhiteCountry "ENG"]
[BlackCountry "USA"]
[WhiteElo "1960"]
[WhiteRD "89"]
[BlackElo "1157"]
[BlackRD "99"]
[GameID "734769"]

1. e4 e5 2. Bc4 Qe7 3. Nc3 Nc6 4. Nd5 Qd6 5. Nf3 b6 6. d3 h6 7. O-O Nf6 8. Re1 Ne7 9. Nxe5 Qxe5 10. Bf4 Qh5
11. Nxf6+ gxf6 12. Qxh5 Rh7 13. e5
1-0

[Event "Social Open Knockout 2023/01"]
[Site "SchemingMind.com"]
[Date "2023.06.11"]
[Round "-"]
[White "roscoe"]
[Black "TigerFeet"]
[Result "0-1"]
[WhiteCountry "USA"]
[BlackCountry "ENG"]
[WhiteElo "1156"]
[WhiteRD "104"]
[BlackElo "2029"]
[BlackRD "85"]
[GameID "734770"]

1. d4 Nf6 2. c4 c5 3. d5 b5 4. b3 bxc4 5. bxc4 g6 6. Nf3 Bg7 7. Bb2 O-O 8. e3 e6 9. Nc3 exd5 10. cxd5 d6
11. g3 Bg4 12. h4 Nbd7 13. Bh3 Bxh3 14. Rxh3 Re8 15. Qe2 Ne4 16. Nxe4 Qa5+ 17. Nfd2 Bxb2 18. Rb1 Rxe4 19. Kf1 Qxa2 20. Kg2 Rb4
21. Rhh1 Bc3 22. Rhd1 Rxb1 23. Kh3 Rxd1
0-1

[Event "Social Open Knockout 2023/01"]
[Site "SchemingMind.com"]
[Date "2023.07.13"]
[Round "-"]
[White "Kid A"]
[Black "TigerFeet"]
[Result "0-1"]
[WhiteCountry "FIN"]
[BlackCountry "ENG"]
[WhiteElo "1926"]
[WhiteRD "85"]
[BlackElo "2029"]
[BlackRD "85"]
[GameID "735590"]

1. e4 c5 2. d4 cxd4 3. c3 dxc3 4. Nxc3 Nc6 5. Bc4 d6 6. Nf3 a6 7. O-O Nf6 8. h3 e6 9. Qe2 Be7 10. Rd1 b5
11. Bb3 Qb6 12. Be3 Qb8 13. Bf4 O-O 14. e5 dxe5 15. Nxe5 Nxe5 16. Bxe5 Qb6 17. Rac1 Bb7 18. Bd4 Qa5 19. a3 b4 20. axb4 Qxb4
21. Bc2 Rfd8 22. Be5 Rac8 23. Bd3 Rc5 24. Na2 Qb6 25. Nc3 h6 26. Na4 Qc6 27. Be4 Rxc1 28. Bxc6 Rdxd1+ 29. Kh2 Bxc6 30. Nc3 Rg1
0-1

[Event "Social Open Knockout 2023/01"]
[Site "SchemingMind.com"]
[Date "2023.07.13"]
[Round "-"]
[White "TigerFeet"]
[Black "Kid A"]
[Result "1-0"]
[WhiteCountry "ENG"]
[BlackCountry "FIN"]
[WhiteElo "2029"]
[WhiteRD "85"]
[BlackElo "1926"]
[BlackRD "85"]
[GameID "735591"]

1. e4 e5 2. Bc4 Nc6 3. Nc3 Bc5 4. Qg4 Qf6 5. Nd5 Qxf2+ 6. Kd1 Kf8 7. Nh3 h5 8. Qg5 Qd4 9. d3 Be7 10. Qg3 d6
11. c3 Bg4+ 12. Ke1 Qc5 13. Be3 Qa5 14. a4 Nf6 15. b4 Nxd5 16. bxa5 Bh4 17. Qxh4 Nxe3 18. Qf2 Nxc4 19. dxc4 Nxa5 20. Ng5 f6
21. c5 Rd8 22. cxd6 Rxd6 23. Qxa7
1-0

[Event "Social Open Knockout 2023/01"]
[Site "SchemingMind.com"]
[Date "2023.07.24"]
[Round "-"]
[White "William Lindberg"]
[Black "Raymond de Kemp"]
[Result "1-0"]
[WhiteCountry "USA"]
[BlackCountry "NED"]
[WhiteElo "2341"]
[WhiteRD "69"]
[BlackElo "1820"]
[BlackRD "72"]
[GameID "735833"]

1. c4 f5 2. d4 Nf6 3. g3 g6 4. Bg2 Bg7 5. Nc3 O-O 6. Nf3 d6 7. O-O c6 8. b3 Na6 9. Bb2 Qc7 10. d5 e5
11. dxe6 Bxe6 12. Ng5 Rfe8 13. Nxe6 Rxe6 14. Qc2 Nc5 15. b4 Nce4 16. e3 Rae8 17. Rab1 d5 18. cxd5 cxd5 19. Rbc1 Rc6 20. Qb3 Qd7
21. Rfd1 Nxc3 22. Rxc3 Rxc3 23. Bxc3 Rd8 24. Bxf6 Bxf6 25. Rxd5
1-0

[Event "Social Open Knockout 2023/01"]
[Site "SchemingMind.com"]
[Date "2023.07.24"]
[Round "-"]
[White "Raymond de Kemp"]
[Black "William Lindberg"]
[Result "0-1"]
[WhiteCountry "NED"]
[BlackCountry "USA"]
[WhiteElo "1861"]
[WhiteRD "71"]
[BlackElo "2336"]
[BlackRD "68"]
[GameID "735834"]

1. c4 e5 2. g3 Nf6 3. Bg2 c6 4. Nf3 e4 5. Nd4 Qb6 6. Nb3 a5 7. d3 a4 8. N3d2 Bc5 9. O-O e3 10. fxe3 Bxe3+
11. Kh1 Ng4 12. Ne4 O-O 13. Nbc3 d5 14. cxd5 Bxc1 15. Qxc1 Ne3 16. Rf3 Nxd5 17. Qd2 Bg4 18. Rff1 Ne3 19. Rf4 Be6 20. Ng5 Nxg2
21. Kxg2 Bd5+ 22. e4 h6 23. exd5 hxg5 24. Rxa4 Rxa4 25. Nxa4 Qd8 26. Nc3 cxd5 27. d4 Nc6 28. Re1 g6 29. a3 g4 30. b4 Qf6
31. Qf4 Qxf4 32. gxf4 Kg7 33. Nxd5 Ra8 34. Ne3 Rxa3 35. Nxg4 b5 36. Re3 Ra4 37. d5 Nxb4 38. d6 Nd5 39. Rb3 Nxf4+ 40. Kf3 Ne6
41. Rd3 b4
0-1

[Event "Social Open Knockout 2023/01"]
[Site "SchemingMind.com"]
[Date "2023.07.27"]
[Round "-"]
[White "greghghs"]
[Black "Andrea Carra"]
[Result "1-0"]
[WhiteCountry "ENG"]
[BlackCountry "ITA"]
[WhiteElo "2197"]
[WhiteRD "82"]
[BlackElo "1926"]
[BlackRD "93"]
[GameID "736044"]

1. d4 Nf6 2. c4 e6 3. Nf3 b6 4. g3 Bb7 5. Bg2 Be7 6. O-O O-O 7. Nc3 d5 8. Ne5 Nbd7 9. Qa4 Nxe5 10. dxe5 Nd7
11. cxd5 Nc5 12. Qg4 Re8 13. dxe6 Bxg2 14. exf7+ Kxf7 15. Kxg2 Kg8 16. Rd1 Qc8 17. Qxc8 Raxc8 18. f4 g6 19. Be3 Ne6 20. Rac1 c5
21. Rd7
1-0

[Event "Social Open Knockout 2023/01"]
[Site "SchemingMind.com"]
[Date "2023.07.27"]
[Round "-"]
[White "Andrea Carra"]
[Black "greghghs"]
[Result "1/2-1/2"]
[WhiteCountry "ITA"]
[BlackCountry "ENG"]
[WhiteElo "1926"]
[WhiteRD "93"]
[BlackElo "2197"]
[BlackRD "82"]
[GameID "736045"]

1. e4 c5 2. Nf3 d6 3. d4 cxd4 4. Nxd4 Nf6 5. Nc3 a6 6. Be2 e5 7. Nb3 Be7 8. O-O O-O 9. Be3 Be6 10. f4 exf4
11. Bxf4 Nc6 12. Nd5 Nxe4 13. Nxe7+ Nxe7 14. Bf3 d5 15. Bxe4 dxe4 16. Nc5 Qb6 17. Qd6 Qxd6 18. Bxd6 Rfe8 19. Nxe6 fxe6 20. Bxe7 Rxe7
21. Rfe1 Rc8=
1/2-1/2

[Event "Social Open Knockout 2023/01"]
[Site "SchemingMind.com"]
[Date "2023.10.12"]
[Round "-"]
[White "Helga1946"]
[Black "TigerFeet"]
[Result "1-0"]
[WhiteCountry "GER"]
[BlackCountry "ENG"]
[WhiteElo "2443"]
[WhiteRD "75"]
[BlackElo "2074"]
[BlackRD "70"]
[GameID "738071"]

1. a3 d5 2. d4 Nf6 3. Nf3 g6 4. c4 Bg7 5. cxd5 Nxd5 6. e4 Nb6 7. Be2 O-O 8. O-O Nc6 9. Be3 Bg4 10. d5 Bxf3
11. gxf3 Ne5 12. Qb3 Qc8 13. Nd2 e6 14. f4 Ned7 15. dxe6 fxe6 16. a4 a5 17. Nf3 Nf6 18. Ng5 Re8 19. Bxb6 cxb6 20. Rac1 Qd7
21. Bb5 Qd6 22. e5
1-0

[Event "Social Open Knockout 2023/01"]
[Site "SchemingMind.com"]
[Date "2023.10.13"]
[Round "-"]
[White "TigerFeet"]
[Black "Helga1946"]
[Result "0-1"]
[WhiteCountry "ENG"]
[BlackCountry "GER"]
[WhiteElo "2074"]
[WhiteRD "70"]
[BlackElo "2443"]
[BlackRD "75"]
[GameID "738072"]

1. e4 e5 2. Bc4 Nf6 3. d3 c6 4. Nf3 d5 5. Bb3 a5 6. a4 Bd6 7. Nc3 Be6 8. exd5 cxd5 9. Bg5 d4 10. Ne4 Bxb3
11. cxb3 Bb4+ 12. Nfd2 Bxd2+ 13. Nxd2 h6 14. Bxf6 Qxf6 15. O-O O-O 16. Ne4 Qe6 17. Nc5 Qd5 18. Rc1 Rc8 19. Ne4 Rxc1 20. Qxc1 Na6
21. Qc4 Qxc4 22. bxc4 f5 23. Nd6 Nc5 24. Nxf5 Nxd3 25. b3 Rf8 26. Ne7+ Kf7 27. Nd5 e4 28. Rd1 Ke6 29. Rd2 Ke5 30. f3 Nf4
31. fxe4 Kxe4 32. Nxf4 Rxf4 33. Re2+ Kd3 34. Re5 Kc2
0-1

[Event "Social Open Knockout 2023/01"]
[Site "SchemingMind.com"]
[Date "2023.11.14"]
[Round "-"]
[White "William Lindberg"]
[Black "greghghs"]
[Result "1-0"]
[WhiteCountry "USA"]
[BlackCountry "ENG"]
[WhiteElo "2402"]
[WhiteRD "65"]
[BlackElo "2145"]
[BlackRD "88"]
[GameID "738932"]

1. c4 e5 2. Nc3 Nf6 3. Nf3 Nc6 4. g3 d5 5. cxd5 Nxd5 6. Bg2 Nb6 7. d3 Be7 8. Be3 O-O 9. O-O Re8 10. a3 Bf8
11. Ne4 Nd4 12. b4 c6 13. Bg5 Qc7 14. Bc1 Bg4 15. Nxd4 exd4 16. Bb2 Rad8 17. Re1 Qd7 18. Rc1 h6 19. Nc5 Bxc5 20. bxc5 Nc8
21. Rc4 Qe7 22. Bxd4 Be6 23. Rb4 Rd7 24. Qc2 Red8 25. Be3 Bd5 26. Bh3 Be6 27. Re4 Qf6 28. Bxe6 fxe6 29. Qa2 Rd5 30. Rb1 R8d7
31. Reb4 Qf7 32. Qb2
1-0

[Event "Social Open Knockout 2023/01"]
[Site "SchemingMind.com"]
[Date "2023.11.14"]
[Round "-"]
[White "greghghs"]
[Black "William Lindberg"]
[Result "0-1"]
[WhiteCountry "ENG"]
[BlackCountry "USA"]
[WhiteElo "2145"]
[WhiteRD "88"]
[BlackElo "2402"]
[BlackRD "65"]
[GameID "738933"]

1. e4 e5 2. Nf3 Nc6 3. Bc4 Nf6 4. d3 Bc5 5. c3 a5 6. O-O O-O 7. d4 Bb6 8. dxe5 Ng4 9. Bf4 Qe8 10. Nbd2 Ngxe5
11. Re1 d6 12. Bb5 Qe7 13. h3 h6 14. Be3 Bxe3 15. Rxe3 Ng6 16. Nd4 Bd7 17. Nf5 Qf6 18. Ng3 Be6 19. Nf3 Nce5 20. Nh5 Nxf3+
21. Rxf3 Qe5
0-1

[Event "Social Open Knockout 2023/01"]
[Site "SchemingMind.com"]
[Date "2024.01.24"]
[Round "-"]
[White "Helga1946"]
[Black "William Lindberg"]
[Result "0-1"]
[WhiteCountry "GER"]
[BlackCountry "USA"]
[WhiteElo "2390"]
[WhiteRD "69"]
[BlackElo "2413"]
[BlackRD "65"]
[GameID "741762"]

1. b4 e5 2. Bb2 Bxb4 3. Bxe5 Nf6 4. e3 d5 5. Nf3 O-O 6. c4 Bf5 7. a3 Bd6 8. d4 Bxe5 9. dxe5 Ne4 10. cxd5 c6
11. Be2 Qa5+ 12. Nbd2 cxd5 13. O-O Nc6 14. Nb3 Qb6 15. Rc1 Rac8 16. Nbd4 Bg4 17. h3 Bxf3 18. Nxf3 Qb2 19. Rb1 Qxa3 20. Rxb7 Nc3
21. Qc2 Rb8 22. Bd3 Rxb7
0-1